Statistiques concernant Arrondissements de Madrid sur une carte

Cliquez ici pour prendre le quiz!

Statistiques générales

  • Ce quiz a été pris 10 fois
  • Le résultat moyen est 5 sur 21

Réponses sur la Carte

Les réponses sont colorées sur une échelle allant du rouge au vert en fonction du pourcentage des utilisateurs qui les ont devinées à leur premier essai. Vous pouvez retrouver ces pourcentages ci-dessous.
 

Statistiques - réponses

Arrondissement% Correct
1Centre
80%
5Chamartín
60%
13Puente de Vallecas
40%
3Retiro
40%
4Salamanca
40%
7Chamberí
30%
9Moncloa-Aravaca
30%
18Villa de Vallecas
30%
21Barajas
20%
6Tetuán
20%
2Arganzuela
10%
15Ciudad Lineal
10%
8Fuencarral-El Pardo
10%
16Hortaleza
10%
12Usera
10%
19Vicálvaro
10%
17Villaverde
10%
11Carabanchel
0%
10Latina
0%
14Moratalaz
0%
20San Blas-Canillejas
0%

Distribution des résultats

Percentile par nombre de réponses

% des personnes avec chaque résultat

Votre développement - résultats

Vous n’avez pas pris ce quiz